Schauspieler #1 - Statistiken

Allgemein
  • Dieses Quiz wurde 153 mal gespielt
  • Das Durchschnittsergebnis liegt bei 9 aus 16
Antwortstatistiken
Bildquiz Antwort % Korrekt
Leonardo DiCaprio
92%
Tom Cruise
90%
Brad Pitt
86%
Tom Hanks
83%
Mark Wahlberg
63%
Jim Carrey
52%
Pedro Pascal
52%
Liam Neeson
50%
Cillian Murphy
48%
Al Pacino
46%
Henry Cavill
44%
Christian Bale
43%
Hugh Grant
40%
Robert De Niro
40%
Gary Oldman
27%
Jude Law
25%
Keine übereinstimmenden Quizze gefunden
Verteilung der Resultate
Anzahl Personen mit jedem Resultat
Perzentil nach korrekt beantworteten Fragen
Ihre Resultats-Entwicklung
Sie haben dieses Quiz noch nicht gespielt